000 00493nam a2200193Ia 4500
005 20250326123853.0
008 250326s9999 xx 000 0 und d
037 _aTextbook
040 _aFMSL
_beng
_cFMSL
041 _aeng
_2eng
084 _aS4(X8) J2
_qFMSL
100 _aGray J S
_9736059
245 0 _aPsychology in industry
_cGray J S
250 _a1
260 _aNY
_bNY, McGraw-Hill
_c1952
300 _a401p
942 _cTB
_hS4(X8) J2
999 _c1271280
_d1271280